000 01452nam a2200289 i 4500
001 bg
946 _c20,00
245 0 0 _aBetonowanie - kod 45262300 :
_bzbrojenie (przygotowanie i montaż zbrojenia) - kod 45262310 /
_cOśrodek Wdrożeń Ekonomiczno-Organizacyjnych Budownictwa "Promocja".
260 _aWarszawa :
_bOśrodek Wdrożeń Ekonomiczno-Organizacyjnych Budownictwa "Promocja",
_c2005.
300 _a12 s. ;
_c24 cm.
490 1 _aSpecyfikacje techniczne Wykonywania i Odbioru Robót Budowlanych (Standardowe)
500 _aNa s. tyt. podtytuł : Oznaczenie kodu według Wspólnego Słownika Zamówień (CPV).
650 9 _aBudownictwo
_xtechnika
_xnormalizacja
_zPolska
650 9 _aZbrojenie betonu
_xnormalizacja
_zPolska
650 9 _aKonstrukcje żelbetowe
_xnormalizacja
_zPolska
655 _aInformatory
710 2 _aOśrodek Wdrożeń Ekonomiczno-Organizacyjnych Budownictwa "|PROMOCJA".
740 0 _aZbrojenie (przygotowanie i montaż zbrojenia) - kod 45262310
830 _aSpecyfikacje techniczne Wykonywania i Odbioru Robót Budowlanych (Standardowe)
020 _a8389756021
040 _cBPK
041 0 _apol
044 _aPOL
080 _a693.5:006.3/.8(438)(058)
942 _cKS
008 s pl f |000 0 pol
999 _c49780
_d49780
856 _uhttp://koha.tu.koszalin.pl/cgi-bin/koha/opac-detail.pl?biblionumber=49780
_yKatalog online BPK